LEADER 00964nas a2200241 i 4500 001 000000129460 003 CaOOAMICUS 005 20050616000000.0 008 050616b2002 it uu u0 0mul r 013 $a102193 020 $a88-10-40383-5 040 $aSeMil$bita 245 10$a2002. 260 $aBologna :$bEDB,$ccopyr. 2002. 300 $a511 p. :$btabelle ;$c24 cm. 500 $aArticoli con sintesi in inglese o in italiano in testa. - Contiene : Bollettino. - In Bollettino : Attivitą convegnistica ; Borse di studio ; Visiting Fellows. 773 0 $tAnnali di Studi Religiosi.$dBologna : EDB, copyr. 2000.$w()12166 850 $aSeMil 852 $aSeMil$W1$xVenegono$y1$m240 2 52$j83576$B83576$CSeMilBibl$Z2$F99187 $85 961 $aCambio: Scuola Cattolica 996 $6020$a88-10-40383-5$9(OLS)http://semarc/number/116233 996 $6245$a2002$9(OLS)http://semarc/title/142851 996 $6260$aBologna :$bEDB$9(OLS)http://semarc/publisher/29669 LEADER 00898nam a2200229 i 4500 001 000000195825 003 CaOOAMICUS 005 20101230000000.0 008 101230n it u000 u ita u 013 $a174505 040 $aSeMil$bita 245 10$a7. Anniversario della morte di Papa Giovanni :$b1963, 3 giugno, 1970. 260 $aRoma :$bAbete,$c[1970] 300 $a39 p., [2] c. di tav ;$c21 cm. 500 $aFondo Card. Giovanni Colombo. 600 04$aGiovanni XXIII .$0(OLS)http://semarc/subject/3422 850 $aSeMil 852 $aSeMil$W1$xVenegono$y1$m5B XII 7/28$j146394$B146394$CSeMilBibl$Z2$F157863 $81 941 1 $a3 961 $aLascito: Colombo Card. Giovanni 996 $6245$a7. Anniversario della morte di Papa Giovanni :$b1963, 3 giugno, 1970$9(OLS)http://semarc/title/282659 996 $6260$aRoma :$bAbete$9(OLS)http://semarc/publisher/31434